00814 2200217 4500001002100000005001700021008004100038035002400079082001000103090002100113100002100134245021500155260002800370300003100398500008900429500002500518650002300543850000900566985000600575999001500581YOGYA-0209000007179920090227093557.0 ind  0010-020900000071799 a362.7 a362.7bHar RlSk aHARIYONO, Sugeng aRehabilitasi anak-anak terlantar dalam panti asuhan yatim putra Muhammadiyah di lowanu Kelurahan Brotokusuman, Kecamatan Mergangsan Kotamadya Yogyakarta Propinsi Daerah Istimewa Yogyakartacoleh Sugeng Hariyono aYogyakartab[s.n]c1993 axi,85[6]lembarbilusc29cm alaporan tugas akhir jurusan sosiatri Sekolah Tinggi Pembangunan Masyarakat Desa APMD aBibiografi:lembar 81 aKesejahteraan anak aBPAD a1 a08A0035723